Theory of Econometrics : an introductory exposition of econometrics methods / (Record no. 48809)

MARC details
000 -LEADER
fixed length control field 00610nam a22002057a 4500
003 - CONTROL NUMBER IDENTIFIER
control field OSt
008 - FIXED-LENGTH DATA ELEMENTS--GENERAL INFORMATION
fixed length control field 250828b |||||||| |||| 00| 0 eng d
020 ## - INTERNATIONAL STANDARD BOOK NUMBER
International Standard Book Number 0333223799
082 ## - DEWEY DECIMAL CLASSIFICATION NUMBER
Classification number 330.015195
Item number K88T
100 ## - MAIN ENTRY--PERSONAL NAME
Personal name Koutsoyiannis, A.
245 ## - TITLE STATEMENT
Title Theory of Econometrics : an introductory exposition of econometrics methods /
Statement of responsibility, etc. by A. Koutsoyiannis; foreword by C. F. Carter
250 ## - EDITION STATEMENT
Edition statement 2nd de.
260 ## - PUBLICATION, DISTRIBUTION, ETC. (IMPRINT)
Place of publication, distribution, etc .- London
Name of publisher, distributor, etc : Macmillan Publishers
Date of publication, distribution, etc , 1977
300 ## - PHYSICAL DESCRIPTION
Extent xvii,681p.
650 ## - SUBJECT ADDED ENTRY--TOPICAL TERM
Topical term or geographic name as entry element Social Sciences
650 ## - SUBJECT ADDED ENTRY--TOPICAL TERM
Topical term or geographic name as entry element Economics
650 ## - SUBJECT ADDED ENTRY--TOPICAL TERM
Topical term or geographic name as entry element Econometrics
700 ## - ADDED ENTRY--PERSONAL NAME
Personal name Carter, C. F.
942 ## - ADDED ENTRY ELEMENTS (KOHA)
Source of classification or shelving scheme
Koha item type Donated Books
Holdings
Withdrawn status Lost status Source of classification or shelving scheme Damaged status Not for loan Home library Current library Date acquired Source of acquisition Cost, normal purchase price Total Checkouts Full call number Barcode Date last seen Bill Date Koha item type Bill Number
          Dr. Rajendra Prasad Central Agricultural University Pusa, Dr. Rajendra Prasad Central Agricultural University Pusa, 28/08/2025 Donated by Dr. P. S. Pandey, Vice-Chancellor, RPCAU, Pusa 0.00   330.015195 K88T 86274 28/08/2025   Donated Books Gift
Hosted, Implemented, Customized & Maintained by: BestBookBuddies

Powered by Koha